000 00574nam a2200193 4500
999 _c160881
_d160881
005 20190215113702.0
010 _aENG-124819
020 _a9789380828855
_c995.00
035 _aEN-108351
037 _bDBAD/PUB
082 _a954
100 _aGirja Kumar
245 _aThe Indus people:
_bsaraiki saga and sufi sant renaissance/
_cby Girja Kumar
260 _aNew Delhi
_bRenu Kaul Verma
_c2019
270 _a2/15,Ansari Road, Daryaganj
_bNew Delhi
_e110002
300 _axi,463p.
_c22cm(Hb)
500 _aincludes index
942 _2ddc
_cEN
_h954
_mGIR